000 00586nam a2200205Ia 4500
003 GCL
008 140319s9999 xx 000 0 eng d
020 _a0415265991
040 _aGCL /
_cGCL
082 0 4 _a004.678
_bL N
100 1 _aLANDZELIUS, KYRA
245 1 0 _aNATIVE ON THE NET :
_bINDIGENOUS AND DIASPORIC PEOPLES IN THE VIRTUAL AGE /
_cLANDZELIUS, KYRA
250 _aFIRST
260 _aنيويورك :
_bROUTLEDGE ،
_c2006
300 _a24 CM ؛
_c338 P
650 0 4 _aINTERNET
650 0 4 _aINTERNET COMMUMCATIONS
650 0 4 _aINTERNET IN EDUCATION
942 _2ddc
_cBK
999 _c9320
_d9320